Big Brain Math - Statistics

General Stats
  • This quiz has been taken 18 times
  • The average score is 14 of 40
Answer Stats
Number Word % Correct
1 One
100%
10 Ten
100%
1000 Thousand
94%
100 Hundred
88%
1000000 Million
82%
1e9 Billion
65%
1e27 Octillion
65%
1e24 Septillion
65%
1e12 Trillion
65%
1e15 Quadrillion
59%
1e18 Quintillion
59%
1e30 Nonillion
47%
1e21 Sextillion
47%
1e33 Decillion
41%
1x(10^10)100 Googolplex
35%
1e36 Undecillion
35%
1e39 Duodecillion
29%
1e57 Octodecillion
29%
1e51 Sexdecillion
29%
1e42 Tredecillion
29%
1e45 Quattourdecillion
24%
1e48 Quindecillion
24%
1e303 Centillion
18%
1e60 Novemdecillion
18%
1e63 Vigintillion
18%
1e99 Duotrigintillion
12%
1e69 Duovigintillion
12%
1e87 Octovigintillion
12%
1e75 Quattourvigintillion
12%
1e78 Quinvigintillion
12%
1e54 Septemdecillion
12%
1e84 Septvigintillion
12%
1e81 Sexvigintillion
12%
((10^10)10)34 Skewes’ Number
12%
1e72 Trevigintillion
12%
1e93 Trigintillion
12%
1e96 Untrigintillion
12%
1e66 Unvigintillion
12%
1e90 Nonvigintillion
6%
1e130 Skewer’s Number
6%
No matching quizzes found
Score Distribution
Percent of People with Each Score
Percentile by Number Answered
Your Score History
You have not taken this quiz